000 00361nam a2200145Ia 4500
008 230917s9999||||xx |||||||||||||| ||und||
040 _e76132
_aMAIN
041 _aEnglish
082 _a658.8 G28I
100 _aGelb, Gabriel M
245 0 _aInsights for marketing management
260 _aCalifornia
_bGoodyear
_c1977
300 _aviii,303 p.
942 _cBK
999 _c219329
_d219329